Plan estratégico de mercadotecnia de la cooperativa Pecuaria Servicios de Productores de Occidente R.L, (COPESEPROC – R. L) para la comercialización de quesos en la ciudad de León
El eje fundamental de la investigación lo constituye el desarrollo de un plan estratégico de mercadotecnia de la COPESEPROC - RL, para la comercialización de quesos en la ciudad de León, aplicando la metodología investigativo descriptiva con el que se pretende comercializar tres variedades de q...
| Main Authors: | , , |
|---|---|
| Other Authors: | |
| Format: | Tesis Section = Libro |
| Language: | Undetermined Spanish |
| Published: |
Managua
UNI
2005
|
| Subjects: |
| LEADER | 02262nam a2200289Ia 4500 | ||
|---|---|---|---|
| 008 | 240830s9999 xx 000 0 und d | ||
| 040 | |a BIBLIOTECA-RUPAP T.Mon 658.8 R638 | ||
| 041 | |a spa | ||
| 082 | |a T.Mon 658.8 R638 | ||
| 100 | 1 | |a Róbelo Jirón, Bernardo Antonio | |
| 100 | 1 | |b Serrano Valverde, Karina Valeska | |
| 100 | 1 | |c Solano López, Nairobi Bernardo | |
| 245 | 1 | 0 | |a Plan estratégico de mercadotecnia de la cooperativa Pecuaria Servicios de Productores de Occidente R.L, (COPESEPROC – R. L) para la comercialización de quesos en la ciudad de León |
| 260 | |a Managua |b UNI |c 2005 | ||
| 300 | |a 317 p. :il. | ||
| 500 | |a Contiene: anexos. | ||
| 502 | |a Tesis (Ingeniero de Sistemas)- UNI, 2005. | ||
| 520 | 3 | |a El eje fundamental de la investigación lo constituye el desarrollo de un plan estratégico de mercadotecnia de la COPESEPROC - RL, para la comercialización de quesos en la ciudad de León, aplicando la metodología investigativo descriptiva con el que se pretende comercializar tres variedades de queso monolique, fresco y quesillo. Presenta un análisis del sector lácteo, determina las perspectivas de crecimiento del mercado, brinda una visión global que permita realizar planes de desarrollo a largo plazo. Analiza de forma ordenada y sistemática la situación actual por lo que atraviesa la cooperativa y contribuye a establecer objetivos y alternativas de solución, a través de un diagnóstico completo de la empresa en el cual describen de manera específica las áreas y los recursos con los cuales cuenta la cooperativa como base para el desarrollo del plan. Analiza las fortalezas y oportunidades para contrarrestar los efectos de las debilidades interna y amenazas del entorno con lo cual ayudara establecer estrategias que respondan a cada uno de los objetivos planteados en el enfoque sistemático. | |
| 650 | 7 | |a ADMINISTRACION DE LA DISTRIBUCION (MERCADEO - COPESE PROC - LEON | |
| 650 | 7 | |b ANALISIS DE MERCADO - SECTOR LACTEO | |
| 650 | 7 | |c CONTROL DE CALIDAD - EMPAQUE QUESO | |
| 650 | 7 | |d PLANEACION ESTRATEGICA - FODA - COPESEPROC | |
| 650 | 7 | |e PLAN ESTRATEGICO - MERCADEO COPESEPROC | |
| 700 | 1 | |a Tutor: |b Caldera Alfaro, Mario José | |
| 942 | |c BK |2 ddc | ||
| 991 | |a TESIS | ||
| 999 | |c 18731 | ||